01338nam a22003377a 4500003000900000005001700009007000300026008004100029020001900070020002500089020002600114040002500140041000800165082001000173245016400183260003900347300003400386490004200420500005700462504003200519590002700551650004200578700004600620700003200666700003800698700003600736830005300772942001400825952014400839999001700983DO-SdBNP20220323115310.0ta210817e2016 enga|||gr|||| 001 u eng d a9781614517368  a9781614515975 (pdf)  a9781501500497 (epub)  aDO-SdBNPbspacBNPHU heng bS581a10aThe syllable and stress :bstudies in honor of James W. Harris.cEditores, Rafael A. Núñez Cedeño, Norbert Corver, Harry Van del Hulst, Roumyana Pancheva aBoston :bWalter de Gruyter,c2016 axvii, 340 p. :bil. ;c24 cm. aStudies in Generatives Grammar ;v126 aIncluye nota y bibliografía al pié de páginas. aBibliografía, p. 333- 340 aInventariado 2021 / MF 4972966aLengua EspañolaxFonología1 aNúñez Cedeño, Rafael A.9794694ed.1 aCover, Norbert,4ed.9813571 aVan der Hulst, Harry,4ed.9813581 aPancheva, Roumyana 4ed.981359 aStudies in Generatives Grammar;lengn126979470 2ddccLBS1 00102ddc56708GRaBNPHUbBNPHUcHDd2017-05-02eDepósito legall0oS581ap2021-25452r2021-08-17w2021-08-17yLBS1zLibro autografiado c50213d50213